[Event "Max Euwe Mem Gp2"]
[Site "Amsterdam NED"]
[Date "2011.11.14"]
[Round "1"]
[White "Socko,M"]
[Black "Van Kampen,R"]
[Result "1/2-1/2"]
[WhiteElo "2479"]
[BlackElo "2558"]
[EventDate "2011.11.14"]

1. d4 d5 2. c4 c6 3. Nf3 Nf6 4. Qb3 dxc4 5. Qxc4 Bg4 6. Nbd2 e6 7. g3 Nbd7
8. Bg2 Be7 9. O-O O-O 10. Ne5 Bh5 11. Bf3 Bxf3 12. Ndxf3 Rc8 13. Bg5 Nxe5
14. dxe5 Nd5 15. Bd2 Qb6 16. e4 Nb4 17. Be3 c5 18. a3 Qa6 19. Qxa6 Nxa6 20.
Rfd1 Rfd8 21. Kf1 Nb8 22. Ke2 Kf8 23. Rac1 Rxd1 24. Rxd1 a6 25. a4 Ke8 26.
Nd2 b5 27. f4 Nc6 28. axb5 axb5 29. Ra1 c4 30. Ra6 Bd8 31. f5 exf5 32. exf5
Nxe5 33. Ne4 Be7 34. Bd4 f6 35. Bxe5 fxe5 36. Re6 Kf7 37. Rxe5 b4 38. Kd2
Rd8+ 39. Ke2 Ra8 40. Rd5 Ra2 41. Rd2 h6 42. h4 b3 43. Nc3 Ra5 44. Rd4 Re5+
45. Kd2 Rxf5 46. Rxc4 Rf2+ 47. Ne2 Rf3 48. Rc7 Ke8 49. Nd4 Rf2+ 50. Kd3
Rxb2 51. Rb7 Rg2 52. Nf5 Bf8 53. Nxg7+ Bxg7 54. Rxg7 b2 55. Rb7 Rxg3+ 56.
Kc2 Rh3 57. Rxb2 Kf7 58. Rb4 Kg6 59. Kd2 Kh5 60. Ke2 Rxh4 61. Rxh4+ Kxh4
62. Kf2 Kh3 1/2-1/2

[Event "Max Euwe Mem Gp2"]
[Site "Amsterdam NED"]
[Date "2011.11.15"]
[Round "2"]
[White "Conquest,S"]
[Black "Van Kampen,R"]
[Result "1/2-1/2"]
[WhiteElo "2521"]
[BlackElo "2558"]
[EventDate "2011.11.14"]

1. d4 d5 2. Bg5 Nf6 3. e3 Ne4 4. Bf4 c5 5. Bd3 Nf6 6. Nd2 Nc6 7. c3 Qb6 8.
Rb1 Bg4 9. Ngf3 e6 10. Qa4 Nd7 11. O-O cxd4 12. cxd4 Be7 13. b4 O-O 14.
Rfc1 Rfc8 15. b5 Qa5 16. Qc2 Nd8 17. Qb3 Qa3 18. Bc7 Bxf3 19. gxf3 Bd6 20.
Qxa3 Bxa3 21. Rc3 Bd6 22. Rbc1 Bb4 23. R3c2 Ba3 24. Rd1 Nc5 25. dxc5 Rxc7
26. Nb3 Rac8 27. e4 Bxc5 28. exd5 exd5 29. Bf5 Ne6 30. Rxd5 Bb6 31. Rxc7
Rxc7 32. a4 Rc3 33. Rd3 Rxd3 34. Bxd3 Nc5 35. Nxc5 1/2-1/2

[Event "Max Euwe Mem Gp2"]
[Site "Amsterdam NED"]
[Date "2011.11.15"]
[Round "2"]
[White "Arakhamia-Grant,K"]
[Black "Socko,M"]
[Result "0-1"]
[WhiteElo "2443"]
[BlackElo "2479"]
[EventDate "2011.11.14"]

1. e4 c5 2. Nf3 d6 3. d4 cxd4 4. Nxd4 Nf6 5. Nc3 g6 6. h3 Bg7 7. Be3 O-O 8.
Qd2 Nc6 9. Nf3 Bd7 10. g4 b5 11. Bxb5 Qb8 12. a4 a6 13. Bd3 Be6 14. Rb1 Rc8
15. O-O d5 16. Bf4 Qb7 17. e5 Nd7 18. Rfe1 Qb4 19. Bf1 Nc5 20. Bg2 Nxa4 21.
Nxa4 Qxa4 22. b3 Qb5 23. c3 a5 24. Ng5 Rab8 25. Bf1 Qb6 26. Bd3 Nd8 27. Be3
Qb7 28. f4 Bd7 29. Bd4 Bb5 30. Bc2 Nc6 31. e6 Bxd4+ 32. cxd4 f6 33. Nf3 Nb4
34. Bd1 Bd3 35. Ra1 Be4 36. Rxa5 Qb6 37. Ra4 Nc2 38. Rf1 Qxe6 39. Ra2 Rxb3
40. Bxc2 Rxf3 41. Rxf3 Bxf3 42. f5 Qd6 43. Qf2 Qf4 44. fxg6 hxg6 45. Bd3
Rc1+ 46. Bf1 Kf7 47. Rd2 Qe4 48. Rb2 Qd3 49. g5 f5 50. Ra2 Be4 0-1

[Event "Max Euwe Mem Gp2"]
[Site "Amsterdam NED"]
[Date "2011.11.16"]
[Round "3"]
[White "Socko,M"]
[Black "Conquest,S"]
[Result "1-0"]
[WhiteElo "2479"]
[BlackElo "2521"]
[EventDate "2011.11.14"]

1. d4 f5 2. Nf3 Nf6 3. c4 g6 4. g3 b6 5. Bg2 Bb7 6. Nc3 Bg7 7. O-O O-O 8.
d5 Na6 9. Be3 Qe8 10. Qb3 Ng4 11. Bd2 e6 12. Rad1 Kh8 13. Nb5 exd5 14. cxd5
Nc5 15. Qc4 Ba6 16. Bc3 Qe7 17. Nfd4 Rac8 18. Qb4 Bxb5 19. Nxb5 a5 20. Qc4
Bxc3 21. Qxc3+ Qg7 22. Rd4 Nf6 23. Rfd1 Nfe4 24. Qc1 Qe5 25. Qe3 Qf6 26. a3
Rfe8 27. Bxe4 Nxe4 28. Qf4 Re5 29. Rc4 Nd6 30. Nxd6 Qxd6 31. Qd2 Kg8 32. e3
Rb8 33. h4 b5 34. Rd4 b4 35. a4 Kf7 36. b3 h5 37. Qd3 Rb6 38. Qc4 Ke8 39.
e4 fxe4 40. Rxe4 Rxe4 41. Qxe4+ Kd8 42. Re1 Kc8 43. Qe8+ Kb7 44. Qf7 c6 45.
Re7 Kc7 46. Re6 Qxd5 47. Qf4+ Kb7 48. Re8 Ka7 49. Kh2 Qf5 50. Qe3 Kb7 51.
Re5 Qf6 52. Rxa5 d5 53. Kg2 Ra6 54. Rc5 Kc7 55. Qd3 Qd6 56. Qd4 Ra8 57. a5
Re8 58. Rc2 Kd7 59. a6 Re4 60. Qa1 Re8 61. a7 Ra8 62. Qg7+ Qe7 63. Qxg6
Qe4+ 64. Qxe4 dxe4 65. Ra2 c5 66. g4 hxg4 67. Kg3 Kc6 68. h5 c4 69. bxc4
Kc5 70. h6 b3 71. Ra1 Kxc4 72. h7 b2 73. Rh1 Rh8 74. Kxg4 Kd3 75. Kg5 Kc2
76. Kg6 Ra8 77. h8=Q Rxh8 78. Rxh8 b1=Q 79. a8=Q 1-0

[Event "Max Euwe Mem Gp2"]
[Site "Amsterdam NED"]
[Date "2011.11.14"]
[Round "1"]
[White "Conquest,S"]
[Black "Arakhamia-Grant,K"]
[Result "1/2-1/2"]
[WhiteElo "2521"]
[BlackElo "2443"]
[EventDate "2011.11.14"]

1. e4 d6 2. Nc3 Nf6 3. f4 c5 4. Nf3 e6 5. g3 Nc6 6. Bg2 Be7 7. d3 Rb8 8.
O-O O-O 9. Kh1 b5 10. Ne2 Bb7 11. h3 b4 12. Be3 Qc7 13. g4 d5 14. e5 Nd7
15. Ng3 d4 16. Bd2 Rbe8 17. Qe2 Nb6 18. Nh5 Nd5 19. g5 Kh8 20. Rae1 Bd8 21.
Nh2 Nce7 22. Ng3 Nf5 23. Nxf5 exf5 24. Rg1 Re6 25. Bf3 Bc6 26. h4 Qb7 27.
Rg3 Rfe8 28. Qg2 Be7 29. h5 Bf8 30. Nf1 Ne7 31. Kh2 Bxf3 32. Rxf3 Ra6 33.
Ra1 Qd5 34. b3 h6 35. Ng3 Re6 36. gxh6 Rxh6 37. a3 a5 38. Rf2 Qxg2+ 39.
Kxg2 Rc6 40. Bc1 Kg8 41. Kf3 Rec8 42. Bb2 Re6 43. Re2 Rcc6 44. Ree1 Ra6 45.
Re2 g6 46. a4 Nd5 47. Rg1 Bh6 48. Bc1 Kf8 49. Rh2 Bg7 50. h6 Bh8 51. h7 Re8
52. Nxf5 gxf5 53. Rg8+ Ke7 54. Rhg2 Raa8 55. Bd2 Kd7 56. Be1 Ne7 57. R8g5
Ke6 58. Rh5 Ng6 59. Rgg5 Ne7 60. Rh6+ Ng6 61. Rhh5 Ne7 62. Rh6+ Ng6 1/2-1/2

[Event "Max Euwe Mem Gp2"]
[Site "Amsterdam NED"]
[Date "2011.11.18"]
[Round "4"]
[White "Van Kampen,R"]
[Black "Socko,M"]
[Result "1-0"]
[WhiteElo "2558"]
[BlackElo "2479"]
[EventDate "2011.11.14"]

1. e4 c5 2. Nf3 d6 3. d4 cxd4 4. Nxd4 Nf6 5. Nc3 g6 6. Be3 Bg7 7. f3 O-O 8.
Qd2 Nc6 9. g4 Nxd4 10. Bxd4 Be6 11. h4 Qa5 12. h5 Rfc8 13. a3 b5 14. h6 Bf8
15. Nxb5 Qd8 16. Nxa7 Rc7 17. Nb5 Rb7 18. Be2 Bd7 19. c4 e5 20. Bc3 Ne8 21.
O-O-O Be7 22. Qc2 Qb8 23. Bb4 Bxb5 24. cxb5 Nc7 25. a4 Ne6 26. Kb1 Rc7 27.
Qb3 Rca7 28. Bc4 Nd4 29. Bxf7+ Kh8 30. Rxd4 exd4 31. Qe6 Qd8 32. a5 Rd7 33.
Qd5 Bf6 34. Be6 Re7 35. g5 Be5 36. Bxd6 Qxd6 37. Qxa8+ Qb8 38. Qxb8+ Bxb8
39. Bd5 Bf4 40. b6 d3 41. a6 1-0

[Event "Max Euwe Mem Gp2"]
[Site "Amsterdam NED"]
[Date "2011.11.18"]
[Round "4"]
[White "Arakhamia-Grant,K"]
[Black "Conquest,S"]
[Result "0-1"]
[WhiteElo "2443"]
[BlackElo "2521"]
[EventDate "2011.11.14"]

1. e4 e5 2. Nf3 Nc6 3. Bc4 Nf6 4. d3 Bc5 5. O-O d6 6. c3 O-O 7. Nbd2 a6 8.
Bb3 Ba7 9. Nc4 h6 10. Ne3 Be6 11. Re1 Re8 12. Bd2 Bxe3 13. Bxe3 d5 14. Bc2
Qd7 15. Qe2 Rad8 16. a3 Ng4 17. Bc1 f5 18. exf5 Bxf5 19. Nh4 Bh7 20. f3 Nf6
21. g3 Kh8 22. Rd1 Qf7 23. Be3 Qh5 24. Bf2 e4 25. dxe4 Nxe4 26. Bxe4 Rxe4
27. Qd2 Rxh4 28. gxh4 Ne5 29. Qf4 Kg8 30. Kf1 Rf8 31. Qd4 c6 32. f4 Nf3 33.
Qe3 Re8 34. Qc5 Nxh2+ 35. Kg2 Qf3+ 36. Kxh2 Re2 37. Rg1 Rxf2+ 38. Qxf2
Qxf2+ 39. Rg2 Qxh4+ 40. Kg1 Be4 0-1

[Event "Max Euwe Mem Gp2"]
[Site "Amsterdam NED"]
[Date "2011.11.19"]
[Round "5"]
[White "Arakhamia-Grant,K"]
[Black "Van Kampen,R"]
[Result "1/2-1/2"]
[WhiteElo "2443"]
[BlackElo "2558"]
[EventDate "2011.11.14"]

1. e4 c5 2. Nf3 d6 3. Bb5+ Nd7 4. c4 Ngf6 5. Nc3 g6 6. d4 cxd4 7. Nxd4 Bg7
8. O-O O-O 9. Bxd7 Bxd7 10. b3 a6 11. a4 b5 12. axb5 axb5 13. Rxa8 Qxa8 14.
Ndxb5 Bxb5 15. Nxb5 Nxe4 16. Re1 Qb7 17. Qc2 Nc5 18. Be3 Ne6 19. Qd3 Ra8
20. h4 h5 21. Qd5 Qb8 22. Qc6 Bf6 23. g3 Ra2 24. Rb1 Qf8 25. b4 Qg7 26. Qd5
Rc2 27. c5 dxc5 28. bxc5 g5 29. Qa8+ Kh7 30. Qe4+ Qg6 31. Qxg6+ Kxg6 32.
hxg5 Bxg5 33. Nd4 Nxd4 34. Bxd4 Rc4 35. Rd1 e6 36. Kg2 Kf5 37. f4 Be7 38.
Kf3 Bxc5 39. Bxc5 Rxc5 40. Rd3 f6 41. Ra3 Rb5 42. Rc3 e5 43. fxe5 fxe5 44.
Rc8 e4+ 45. Kf2 Rb2+ 46. Ke3 Rb3+ 47. Kf2 Rf3+ 48. Kg2 Ke6 49. Ra8 Rd3 50.
Kf2 Ke5 51. Re8+ Kd4 52. Rd8+ Kc3 53. Re8 Kd4 54. Rd8+ Kc5 55. Rc8+ Kd5 56.
Rd8+ Ke5 57. Rxd3 exd3 58. Ke3 Kf5 59. Kxd3 Kg4 60. Ke2 Kxg3 61. Kf1 h4 62.
Kg1 h3 63. Kh1 h2 1/2-1/2

[Event "Max Euwe Mem Gp2"]
[Site "Amsterdam NED"]
[Date "2011.11.19"]
[Round "5"]
[White "Conquest,S"]
[Black "Socko,M"]
[Result "0-1"]
[WhiteElo "2521"]
[BlackElo "2479"]
[EventDate "2011.11.14"]

1. c4 Nf6 2. Nc3 e6 3. e4 d5 4. e5 d4 5. exf6 dxc3 6. bxc3 Qxf6 7. Nf3 e5
8. Bd3 Bd6 9. O-O O-O 10. Re1 Nc6 11. Rb1 Bf5 12. Bxf5 Qxf5 13. Rxb7 Na5
14. Rb5 Nxc4 15. d3 a6 16. Rb1 Nb6 17. Ng5 Rad8 18. Ne4 Be7 19. Be3 Nd5 20.
Qa4 Qg6 21. Qc4 Kh8 22. f3 f5 23. Nf2 Rfe8 24. Rb2 Bg5 25. Bxg5 Qxg5 26.
Nh3 Qf6 27. Rbe2 f4 28. d4 Qb6 29. Ng5 Kg8 30. Rxe5 Rxe5 31. Rxe5 Qb1+ 32.
Kf2 Qc2+ 33. Re2 Qg6 34. h4 h6 35. Re5 c6 36. Ne4 Rb8 37. Qe2 Ne3 38. g4
Rb2 39. Qxb2 Nd1+ 40. Kg2 Nxb2 41. Re7 h5 42. Rb7 Nc4 0-1

[Event "Max Euwe Mem Gp2"]
[Site "Amsterdam NED"]
[Date "2011.11.20"]
[Round "6"]
[White "Van Kampen,R"]
[Black "Conquest,S"]
[Result "1-0"]
[WhiteElo "2558"]
[BlackElo "2521"]
[EventDate "2011.11.14"]

1. e4 e5 2. Nf3 Nc6 3. Bb5 a6 4. Ba4 Nge7 5. c3 g6 6. d4 exd4 7. cxd4 b5 8.
Bc2 Bg7 9. d5 Nb4 10. Bb3 a5 11. a3 Na6 12. Nc3 Nc5 13. Be3 Nxb3 14. Qxb3
Ba6 15. Bd4 O-O 16. Bxg7 Kxg7 17. Ne2 b4 18. axb4 axb4 19. Qxb4 Re8 20. Nc3
c6 21. O-O-O cxd5 22. exd5 Nf5 23. Rhe1 Rxe1 24. Rxe1 Rb8 25. Qf4 Qb6 26.
Qd2 Kg8 27. g4 Nd6 28. Ne5 Qa5 29. Qc2 Rc8 30. Re3 Qa1+ 31. Qb1 Qa4 32. Nc6
Qxg4 33. Ne7+ Kf8 34. Nxc8 Nc4 35. Qe4 Nxe3 36. Qe7+ Kg7 37. Qe5+ f6 38.
Qe7+ Kh6 39. Qxe3+ g5 40. Ne7 1-0

[Event "Max Euwe Mem Gp2"]
[Site "Amsterdam NED"]
[Date "2011.11.20"]
[Round "6"]
[White "Socko,M"]
[Black "Arakhamia-Grant,K"]
[Result "1/2-1/2"]
[WhiteElo "2479"]
[BlackElo "2443"]
[EventDate "2011.11.14"]

1. d4 Nf6 2. c4 c5 3. e3 g6 4. Nc3 Bg7 5. Nf3 O-O 6. Be2 d5 7. O-O cxd4 8.
exd4 dxc4 9. Bxc4 Bg4 10. Be3 Nc6 11. Rc1 Rc8 12. Be2 Nd5 13. Nxd5 Qxd5 14.
Qa4 a6 15. h3 Bd7 16. Qa3 Qa5 17. Qxa5 Nxa5 18. Ne5 Bb5 19. Bxb5 axb5 20.
b3 Rfd8 21. Rxc8 Rxc8 22. Rc1 Rxc1+ 23. Bxc1 Kf8 24. Kf1 Ke8 25. Ke2 e6 26.
Kd3 f6 27. Nf3 Kd7 28. Bd2 Nc6 29. a4 bxa4 30. bxa4 Ne7 31. Kc4 Kc6 32. Ne1
Nd5 33. Nd3 Bf8 34. Ba5 1/2-1/2